oca + pato - Estadísticas

Estadísticas generales
  • Esta prueba ha sido intentada 40 veces
  • La puntuación promedio es 9 de 14
Estadísticas de respuestas
Imagen Respuesta % Correcto
aylesbury
100%
china
100%
comun
100%
emden
100%
empordanesa
100%
ganso africano
100%
pinguino
100%
toulouse
100%
buff orpington
50%
comun
50%
pekin
50%
romana
50%
vasca
50%
bergerie
0%
del nilo
0%
khaki campbell
0%
mulard
0%
rouen
0%
Sebastopol
0%
No se encontraron pruebas coincidentes
Distribución de puntuación
Porcentaje de gente con cada puntuación
Porcentaje por número respondido
Historial de tus puntuaciones
No has intentado esta prueba.